| 000 | 00586cam a22002291 4500 | ||
|---|---|---|---|
| 001 | sa 68002525 | ||
| 003 | DLC | ||
| 005 | 20260227112444.0 | ||
| 008 | 890705q19491950xx cf 000 0 newo | ||
| 010 | _asa 68002525 | ||
| 035 | _a(OCoLC)19963266 | ||
| 040 |
_aDLC _cWaU _dDLC |
||
| 042 | _apremarc | ||
| 050 | 0 | 0 |
_aPL3801.N59 _bH76 |
| 100 | 1 |
_aHridaya, Chitta Dhar, _d1906-1982. |
|
| 245 | 1 | 0 | _aSugata-Saurabha. |
| 260 | _c[1949 or 50] | ||
| 300 |
_a359 p. _bplates (part col.) ports. _c19 cm. |
||
| 500 | _aIn Newari. | ||
| 500 | _aA poem. | ||
| 600 | 0 | 0 |
_aGautama Buddha _vPoetry. |
| 999 |
_c78795 _d78795 |
||